| 000 | 00593nam a2200169Ia 4500 | ||
|---|---|---|---|
| 003 | GCL | ||
| 008 | 140319s9999 xx 000 0 ara d | ||
| 040 |
_aGCL / _cGCL |
||
| 082 | 0 | 4 |
_a810.8007 _bع ب |
| 100 | 1 | _aعبده عبدالعزيز قلقيلة | |
| 245 | 1 | 0 |
_aالبلاط الادبى للمعز بن باديس دراسة تاريخية أدبية نقدية / _cعبده عبدالعزيز قلقيلة |
| 490 | _a | ||
| 650 | 0 | 4 | _aالادب العربى - تاريخ ونقد |
| 650 | 0 | 4 | _aالادب الانشائى |
| 650 | 0 | 4 | _aالمعز بن باديس |
| 942 |
_2ddc _cBK |
||
| 999 |
_c40613 _d40613 |
||